01063nam a2200265 a 450000100100000000500170001000800410002702000150006804000250008304100390010808200250014710000260017224000440019824501500024225000110039226000340040330000210043749000370045850400740049553401030056965000240067265000330069670000310072983000370076000002302520200930021935.0101124s1982 sp r 000 0 spa d a8425313392 aDO-SdBNPbspacBNPHU17aspaheng2Código de idiomas MARC a616.8583bK17t, 19821 aKaplan, Helen Singer,10aDisorders of sexual desire.lEspañol.10aTrastornos del deseo sexual :bnuevas ideas y técnicas en el campo de la terapia sexual /cHelen S. Kaplan ; traducido por Marta I. Guastavino. a3a ed. aBarcelona :bGrijalbo,c1982. a298 p. ;c19 cm.1 aRelaciones humanas y sexología aIncluye referencias bibliográficas y notas al pie de las páginas. pTítulo original en inglés:tDisorders of sexual desire.cNueva York : Simon and Schuster, 1979 4aTrastornos sexuales 4aTrastornos sexualesyTERAPIA1 aGuastavino, Marta I.,etr. 0aRelaciones humanas y sexología